[Event "Titled Tue 3rd Jun Early"]
[Site "chess.com INT"]
[Date "2025.06.03"]
[Round "10"]
[White "Cernov, Henrik"]
[Black "Gavarrete, Nahun"]
[Result "1-0"]
[WhiteTitle "FM"]
[BlackTitle "FM"]
[WhiteElo "2325"]
[BlackElo "2281"]
[WhiteFideId "16258312"]
[BlackFideId "8400709"]
[EventDate "2025.06.03"]

1. h4 e5 2. a4 Bc5 3. h5 Qf6 4. e3 Nc6 5. c3 d5 6. d4 exd4 7. exd4 Bd6 8. Bd3
Bf5 9. Ne2 Nge7 10. h6 g6 11. Be3 O-O-O 12. Na3 a6 13. b4 Bxd3 14. Qxd3 Qf5 15.
Qd2 a5 16. b5 Nb8 17. Ng3 Bxg3 18. fxg3 Qg4 19. O-O Nf5 20. Bf4 Rhe8 21. Rae1
Nxg3 22. Bxg3 Qxg3 23. Rxe8 Rxe8 24. b6 Re3 25. Nb5 cxb6 26. Rxf7 Re1+ 27. Rf1
Rxf1+ 28. Kxf1 Qg4 29. Qe3 Qf5+ 30. Kg1 Kd7 31. Qg3 Nc6 32. Qd6+ Ke8 33. Nc7+
Kf7 34. Nxd5 Qe6 35. Qc7+ Ke8 36. Nf4 Qe1+ 37. Kh2 Qh4+ 38. Nh3 Qe7 39. Qc8+ Kf7
40. Qh8 Ke6 41. Qxh7 Qxh7 42. Ng5+ Kf6 43. Nxh7+ Kf7 44. Ng5+ Kg8 45. Kg3 b5 46.
axb5 Ne7 47. Ne4 a4 48. c4 a3 49. Nc3 Nf5+ 50. Kf4 Nxd4 51. Ke4 Ne2 52. Na2 Ng3+
53. Kd5 Nf5 54. c5 Nxh6 55. Kc4 Kf7 56. c6 bxc6 57. b6 Ke7 58. b7 Nf7 59. b8=Q
Nd6+ 60. Kc5 Ne4+ 61. Kxc6 Nc3 62. Nxc3 a2 63. Nxa2 Kf6 64. Qf4+ Kg7 65. Qf2 Kh8
66. Kd5 Kg8 67. Kd4 Kh8 68. Ke3 Kg8 69. Ke2 Kh8 70. Ke1 Kg8 71. Qg1 Kh8 72. g3
Kg8 73. Kf1 Kh8 74. Kf2 Kg8 75. Kg2 Kh8 76. Kh2 Kg8 77. Qg2 Kh8 78. Kh1 Kg8 79.
Qg1 Kh8 80. Qf1 Kg8 81. Qe1 Kh8 82. Qd1 Kg8 83. Qc1 Kh8 84. Qb1 Kg8 85. Kg1 Kh8
86. Kf1 Kg8 87. Ke1 Kh8 88. Kd1 Kg8 89. Kc1 Kh8 90. Kc2 Kg8 91. Kb2 Kh8 92. Qc1
Kg8 93. Nc3 Kh8 94. Nb1 Kg8 95. Na3 Kh8 96. Nc4 Kg8 97. Kc3 Kh8 98. g4 Kg8 99.
g5 Kh8 100. Kd3 Kg8 101. Ne3 Kf8 102. Ng2 Ke8 103. Ne1 Kd8 104. Nf3 Kd7 105. Ke3
Ke6 106. Kf4 Kd5 107. Kg4 Kd6 108. Nh4 Ke6 109. Nxg6 Kf7 110. Nh4 Ke6 111. Ng2
Kf7 112. Kg3 Kg8 113. Qf1 Kg7 114. Qc1 Kg6 115. Qb1+ Kxg5 116. Qa1 Kg6 117. Kf2
Kf5 118. Ne3+ Ke4 119. Nf1 Kd5 120. Qc3 Ke6 121. Qd4 Kf5 122. Qe3 Kf6 123. Qe4
Kf7 124. Qe5 Kg6 125. Ke2 Kf7 126. Kd2 Kg6 127. Kc2 Kf7 128. Kb2 Kg6 129. Ka2
Kf7 130. Kb3 Kg6 131. Kc4 Kf7 132. Kd4 Kg6 133. Ke4 Kf7 134. Qd6 Kg7 135. Qe6
Kf8 136. Qd7 Kg8 137. Qe7 Kh8 138. Ke5 Kg8 139. Kf6 Kh8 140. Ne3 Kg8 141. Nc4
Kh8 142. Qg7# 1-0

[Event "Titled Tue 3rd Jun Early"]
[Site "chess.com INT"]
[Date "2025.06.03"]
[Round "10"]
[White "Omariev, Maksim"]
[Black "Dominguez, Ramiro"]
[Result "1-0"]
[WhiteTitle "FM"]
[BlackTitle "FM"]
[WhiteElo "2304"]
[BlackElo "2185"]
[WhiteFideId "4193423"]
[BlackFideId "4420055"]
[EventDate "2025.06.03"]

1. h4 d5 2. h5 e5 3. d4 Nc6 4. dxe5 Nxe5 5. Bf4 Bd6 6. e3 h6 7. Nf3 Nxf3+ 8.
Qxf3 Bxf4 9. Qxf4 Nf6 10. Nc3 c6 11. O-O-O Qe7 12. f3 Be6 13. g4 O-O-O 14. Bd3
Qc7 15. Qxc7+ Kxc7 16. Ne2 Nd7 17. Nd4 Ne5 18. Nxe6+ fxe6 19. Be2 Rhf8 20. f4
Nf7 21. Rdg1 Nd6 22. Bd3 Rde8 23. g5 e5 24. gxh6 gxh6 25. Rg7+ Kb6 26. Rg6 Nf5
27. fxe5 Rxe5 28. Rf1 Rf7 29. Kd2 Kc5 30. c3 a5 31. a4 b5 32. axb5 cxb5 33. Rf4
b4 34. Ra6 bxc3+ 35. bxc3 Rf8 36. Rxa5+ Kb6 37. Ra6+ Kb7 38. Ra1 Kc7 39. Raf1 d4
40. cxd4 Ra5 41. Rxf5 Ra2+ 42. Bc2 Rb8 43. Rc5+ Kd6 44. Rf6+ Ke7 45. Rxh6 Rbb2
46. Rh7+ Kf6 47. Rh6+ Kg7 48. Rd6 Rb7 49. h6+ Kf7 50. h7 Ra8 51. e4 Rh8 52. e5
Ke7 53. Rf6 Rd7 54. Ke3 Rhd8 55. d5 Rh8 56. d6+ Kd8 57. Bf5 Rhxh7 58. Bxh7 Rxd6
59. exd6 Kd7 60. Rcf5 Kc6 61. Kd4 Kd7 62. Kd5 Kc8 63. Rf8+ Kb7 64. R5f7+ Kb6 65.
d7 Ka6 66. d8=Q Kb5 67. Qb8+ Ka6 68. Ra7# 1-0

[Event "Titled Tue 3rd Jun Early"]
[Site "chess.com INT"]
[Date "2025.06.03"]
[Round "10"]
[White "Silva, Luca"]
[Black "Velikanov, Alexander"]
[Result "1-0"]
[WhiteTitle "FM"]
[BlackTitle "IM"]
[WhiteElo "2227"]
[BlackElo "2372"]
[WhiteFideId "147370"]
[BlackFideId "2039290"]
[EventDate "2025.06.03"]

1. e4 e6 2. d4 d5 3. Nc3 dxe4 4. Nxe4 Bd7 5. Nf3 Bc6 6. Bd3 Nd7 7. Qe2 Be7 8.
Bf4 Ngf6 9. Neg5 O-O 10. O-O-O Bd6 11. Bd2 h6 12. h4 Re8 13. Ne5 Bxe5 14. dxe5
Nd5 15. Rh3 Nc5 16. Bh7+ Kf8 17. Nxf7 Kxf7 18. Qh5+ Ke7 19. Rg3 Kd7 20. c4 Kc8
21. cxd5 Qxd5 22. Bg5 Qc4+ 23. Rc3 Qxc3+ 24. bxc3 hxg5 25. Qxg5 a5 26. Bg6 Rh8
27. h5 a4 28. Bf7 b6 29. Qxg7 Kb7 30. h6 Be4 31. Rd4 Rh7 32. Qf6 Rf8 33. Bg6
Rxf6 34. Bxh7 Rxh6 35. Bxe4+ c6 36. Bc2 b5 37. Rf4 a3 38. Kd2 Rh1 39. Bd1 Kb6
40. g4 Nd7 41. Re4 Rh2 42. Re2 Rg2 43. f3 Rg3 44. Ke3 Rg1 45. Bb3 Nxe5 46. Kf2
Nxf3 47. Kxf3 c5 48. Kf4 c4 49. Bc2 Kc5 50. Bg6 Rc1 51. g5 Rxc3 52. Be4 e5+ 53.
Kg4 b4 54. g6 b3 55. g7 bxa2 56. Rxa2 Rc1 57. g8=Q Rg1+ 58. Bg2 Kd4 59. Qd8+ Kc3
60. Qd2+ Kb3 61. Qc2+ Kb4 62. Qd2+ Kb3 63. Rc2 a2 64. Qc3+ Ka4 65. Qxc4+ Ka3 66.
Qc5+ Kb3 67. Qxg1 Kxc2 68. Qa1 Kb3 69. Bd5+ Ka3 70. Qxa2+ Kb4 71. Qc4+ Ka5 72.
Qb3 e4 73. Bc6 Ka6 74. Qb5+ Ka7 75. Qb7# 1-0

[Event "Titled Tue 3rd Jun Early"]
[Site "chess.com INT"]
[Date "2025.06.03"]
[Round "10"]
[White "Sharshenbekov, Emir"]
[Black "Klepek, Witold"]
[Result "0-1"]
[WhiteTitle "CM"]
[BlackTitle "CM"]
[WhiteElo "2091"]
[BlackElo "2253"]
[WhiteFideId "13810634"]
[BlackFideId "1175068"]
[EventDate "2025.06.03"]

1. e4 c5 2. Nf3 e6 3. d4 cxd4 4. Nxd4 Nf6 5. Nc3 Nc6 6. Be2 Bb4 7. O-O O-O 8.
Ndb5 d5 9. exd5 Nxd5 10. Nxd5 exd5 11. Bf3 Be6 12. a3 Be7 13. Re1 Bf6 14. Nc3
Bxc3 15. bxc3 Qf6 16. Rb1 Na5 17. Bxd5 Rfd8 18. Rb5 Qxc3 19. Bd2 Qd4 20. Bxe6
Qxd2 21. Qxd2 Rxd2 22. Bxf7+ Kxf7 23. Rxa5 Rxc2 24. Rf5+ Kg6 25. Rf3 Rac8 26.
Re6+ Kg5 27. h3 R2c6 28. Re5+ Kg6 29. g4 Rf6 30. Rfe3 Rc7 31. Kg2 Ra6 32. Kg3
Kf6 33. f4 h6 34. h4 Rd6 35. g5+ hxg5 36. hxg5+ Kf7 37. Kg4 g6 38. Rh3 Kg7 39.
Rhe3 Rcd7 40. Re7+ Kf8 41. Re8+ Kf7 42. Rh8 Kg7 43. Ree8 b5 44. Reg8+ Kf7 45.
Rb8 a6 46. Rh7+ Ke6 47. Re8+ Kd5 48. Rh6 Kc4 49. Rg8 Kb3 50. Rgxg6 Rxg6 51. Rxg6
Kxa3 52. Rxa6+ Kb4 53. f5 Kc5 54. f6 b4 55. g6 b3 56. Ra3 b2 57. Rb3 Rd4+ 58.
Kf5 Rb4 59. Rxb2 Rxb2 60. g7 Rf2+ 61. Ke6 Re2+ 62. Kd7 Rg2 63. Ke8 Re2+ 64. Kf8
Rg2 65. g8=Q Rxg8+ 0-1

[Event "Titled Tue 3rd Jun Early"]
[Site "chess.com INT"]
[Date "2025.06.03"]
[Round "10"]
[White "Sanal, Vahap"]
[Black "Sindarov, Islombek"]
[Result "1-0"]
[WhiteTitle "GM"]
[BlackTitle "CM"]
[WhiteElo "2555"]
[BlackElo "2129"]
[WhiteFideId "6300545"]
[BlackFideId "14205475"]
[EventDate "2025.06.03"]

1. e4 g6 2. d4 Bg7 3. Nf3 d6 4. Bd3 Nd7 5. c3 e5 6. O-O Ngf6 7. Be3 O-O 8. Nbd2
b6 9. a4 Bb7 10. a5 Rb8 11. Re1 Re8 12. Qc2 h6 13. h3 c5 14. d5 Ba8 15. Qa4 Nh5
16. Bb5 Re7 17. a6 Nf4 18. Bxf4 exf4 19. Nc4 Ne5 20. Nfxe5 Bxe5 21. f3 g5 22.
Kf2 f6 23. Ke2 h5 24. Kd3 Qf8 25. Rh1 Qg7 26. Kc2 Qg6 27. Kb3 Kh7 28. Rae1 Kg7
29. Qa1 h4 30. Qb1 Qh6 31. Qd3 Qh8 32. Kc2 Qd8 33. Ra1 Qh8 34. Ra3 Qc8 35. Rd1
Qc7 36. Kb1 Rc8 37. Ra4 Rd8 38. Na3 Rc8 39. Qc2 Rd8 40. Rc4 Rc8 41. Qa4 Qd8 42.
Qb3 Rec7 43. Ra4 Re7 44. Nc4 Rec7 45. Ra1 Re7 46. Kc2 Rec7 47. Rd3 Re7 48. Rad1
Rec7 49. Na3 Re7 50. Qc4 Rec7 51. Qa4 Re7 52. Bc6 Rec7 53. Bxa8 Rxa8 54. Nb5 Re7
55. Ra1 Rc8 56. Qc4 Qe8 57. Kb3 Qd7 58. Rad1 Qe8 59. Kc2 Qd7 60. Qa4 Qe8 61. Ra1
Qd7 62. Rd2 Qe8 63. Qb3 c4 64. Qa4 Rc5 65. Nd4 Bxd4 66. cxd4 b5 67. Qb4 Rc8 68.
Qxd6 c3 69. bxc3 Rec7 70. Rd3 Rc4 71. e5 fxe5 72. Qxe5+ Qxe5 73. dxe5 b4 74. Rb1
Rxc3+ 75. Rxc3 Rxc3+ 76. Kd2 Rc5 77. Rxb4 Rxd5+ 78. Kc3 Rxe5 79. Rb7+ Kg6 80.
Rxa7 Re2 81. Ra8 Ra2 82. Kb3 Ra1 83. Kb4 Kg7 84. Kb5 Rb1+ 85. Kc5 Ra1 86. Kb6
Ra2 87. Rd8 Rb2+ 88. Kc5 Rc2+ 89. Kb4 Ra2 90. Rd7+ Kg8 91. a7 1-0

[Event "Titled Tue 3rd Jun Early"]
[Site "chess.com INT"]
[Date "2025.06.03"]
[Round "10"]
[White "Jahnz, Laurin"]
[Black "Porozhnyak, Maya"]
[Result "1/2-1/2"]
[WhiteTitle "CM"]
[BlackTitle "WCM"]
[WhiteElo "2233"]
[BlackElo "1974"]
[WhiteFideId "16261089"]
[BlackFideId "34115843"]
[EventDate "2025.06.03"]

1. e4 c5 2. Nf3 e6 3. g3 a6 4. Bg2 b5 5. O-O Bb7 6. Re1 Be7 7. c3 d6 8. d4 Nd7
9. dxc5 Nxc5 10. Nbd2 Qc7 11. Qc2 Nf6 12. e5 dxe5 13. Nxe5 Bxg2 14. Kxg2 O-O 15.
Ndf3 h6 16. Bf4 Qb7 17. Rad1 Rfd8 18. h4 Rd5 19. Rxd5 Nxd5 20. Bc1 Rd8 21. Rd1
a5 22. a3 b4 23. axb4 axb4 24. c4 Nf6 25. Rxd8+ Bxd8 26. b3 Bc7 27. Be3 Nxb3 28.
Qxb3 Bxe5 29. c5 Bc3 30. Qc4 Qc6 31. Bd4 Bxd4 32. Qxd4 b3 33. Qd8+ Ne8 34. Qb8
Kh7 35. Qxb3 Qxc5 36. Qd3+ g6 37. Qd7 Nd6 38. Qe7 Qd5 39. Qf6 Kg8 40. Kh2 Nf5
41. Ne5 Qb7 42. Qd8+ Kg7 43. Nd7 Qb4 44. Qf6+ Kg8 45. h5 Qe7 46. Qxe7 Nxe7 47.
hxg6 fxg6 48. Nc5 Kf7 49. Ne4 Nf5 50. Kg2 g5 51. Nc5 Nd4 52. Ne4 Kg6 53. Nc5 Kf5
54. Nd7 h5 55. Nc5 h4 56. gxh4 gxh4 57. Nd3 Kg4 58. Ne5+ Kf4 59. Ng6+ Kg5 60.
Ne5 Nc2 61. Nf7+ Kf6 62. Nd6 Ne1+ 63. Kh3 Nd3 64. f3 Ne5 65. f4 Nd3 66. Kxh4
Nxf4 67. Kg4 Nd5 68. Ne4+ Ke5 69. Nd2 Nf6+ 70. Kf3 Kd5 71. Ke2 e5 72. Nf3 e4 73.
Nd2 Kd4 74. Nxe4 1/2-1/2

[Event "Titled Tue 3rd Jun Early"]
[Site "chess.com INT"]
[Date "2025.06.03"]
[Round "10"]
[White "Ersoz, Teoman Guney"]
[Black "Slovineanu, Viacheslav"]
[Result "0-1"]
[WhiteTitle "CM"]
[BlackTitle "IM"]
[WhiteElo "2090"]
[BlackElo "2412"]
[WhiteFideId "44537050"]
[BlackFideId "13900510"]
[EventDate "2025.06.03"]

1. d4 Nf6 2. Nc3 d5 3. Bg5 e6 4. e4 dxe4 5. Nxe4 Be7 6. Bxf6 gxf6 7. Nf3 Nd7 8.
Bc4 a6 9. Qe2 b5 10. Bb3 Bb7 11. O-O-O Nb6 12. Nc5 Bd5 13. Rhe1 Qd6 14. Bxd5
Qxd5 15. Kb1 Bxc5 16. dxc5 Qxc5 17. Qe4 O-O 18. Qh4 Kg7 19. Rd4 h5 20. Re5 Qxd4
21. Nxd4 fxe5 22. Qg5+ Kh7 23. Qxh5+ Kg7 24. Qxe5+ Kh7 25. Nf3 Rad8 26. Qh5+ Kg7
27. a3 Rd5 28. Ng5 Kf6 29. Qh4 Rg8 30. Ne4+ Kg7 31. Qf6+ Kf8 32. h4 Rg6 33. Qh8+
Ke7 34. h5 Rg4 35. Nf6 Rd1+ 36. Ka2 Rxg2 37. Ng8+ Kd6 38. Qf6 Rgg1 39. Qf4+ Kc6
40. Qf3+ Kd7 41. h6 Ra1+ 42. Kb3 a5 43. Qd3+ Nd5 44. c4 a4+ 45. Kc2 Rac1+ 46.
Kd2 Rgd1+ 47. Ke2 Rxd3 48. Kxd3 bxc4+ 49. Kd2 Rh1 50. f4 Nxf4 51. Ke3 Ng6 52.
Kd4 Rh4+ 53. Kc3 Ke8 54. h7 Rxh7 55. Nf6+ Ke7 56. Nxh7 f6 57. Kxc4 Kf7 58. b3
axb3 59. Kxb3 Kg7 60. Nxf6 Kxf6 61. a4 Ke7 62. a5 Kd7 63. Kc4 Kc8 64. Kc5 Kb7
65. Kb5 e5 66. Kc5 Ka6 67. Kd5 Kxa5 68. Ke4 Kb4 69. Kd5 c5 70. Ke4 c4 71. Ke3 c3
72. Kd3 Kb3 0-1

[Event "Titled Tue 3rd Jun Early"]
[Site "chess.com INT"]
[Date "2025.06.03"]
[Round "10"]
[White "Sarana, Alexey"]
[Black "Saydaliev, Saidakbar"]
[Result "1/2-1/2"]
[WhiteTitle "GM"]
[BlackTitle "IM"]
[WhiteElo "2686"]
[BlackElo "2460"]
[WhiteFideId "24133795"]
[BlackFideId "14203693"]
[EventDate "2025.06.03"]

1. e4 e6 2. d4 d5 3. Nc3 Nf6 4. Bg5 dxe4 5. Nxe4 Be7 6. Nxf6+ Bxf6 7. Bxf6 Qxf6
8. Nf3 O-O 9. Qd3 Nd7 10. O-O-O c5 11. Qe4 cxd4 12. Bd3 g6 13. h4 Nc5 14. Qxd4
Qxd4 15. Nxd4 e5 16. Nb5 Be6 17. b3 Rac8 18. Kb2 a6 19. Nd6 Rc7 20. Bc4 Rd8 21.
Bxe6 Nxe6 22. Nc4 Rdc8 23. Rd2 f6 24. Nd6 Rd8 25. Rhd1 Rcd7 26. c4 b6 27. Kc3
Nd4 28. Ne4 Kf7 29. Kb2 Ke6 30. f3 h6 31. Nc3 b5 32. c5 b4 33. Ne4 Rd5 34. Rc1
Nc6 35. Re2 f5 36. Nd6 Rd7 37. a3 a5 38. axb4 axb4 39. Rc4 Kf6 40. g4 Ra7 41.
gxf5 gxf5 42. Rg2 Rd1 43. Rc1 Rxc1 44. Kxc1 Ra5 45. h5 Rxc5+ 46. Kb2 Nd4 47.
Rg6+ Ke7 48. Rxh6 Rc2+ 49. Kb1 Rh2 50. Nc4 Nxf3 51. Rh8 Nd2+ 52. Kc1 Nxc4 53.
bxc4 f4 54. Rh7+ Kd6 55. h6 f3 56. Rf7 Rxh6 57. Rxf3 Kc5 58. Re3 Re6 59. Re4 b3
60. Kb1 Kb4 61. Kb2 Re7 62. Kb1 Ka3 63. c5 Rd7 64. Re1 Rd2 65. c6 Rb2+ 66. Ka1
Ra2+ 67. Kb1 Rb2+ 68. Ka1 Rc2 69. Kb1 Rxc6 70. Rxe5 Rh6 71. Ra5+ Kb4 72. Ra8
Rh1+ 73. Kb2 Rh2+ 74. Kb1 Kc3 75. Rc8+ Kb4 76. Rb8+ Kc4 77. Rc8+ Kb4 78. Rb8+
Ka3 79. Ra8+ Kb4 80. Rb8+ 1/2-1/2

[Event "Titled Tue 3rd Jun Early"]
[Site "chess.com INT"]
[Date "2025.06.03"]
[Round "10"]
[White "Gong, Qianyun"]
[Black "El Zein, Zayne-Eddine"]
[Result "1-0"]
[WhiteTitle "WGM"]
[BlackTitle "CM"]
[WhiteElo "2265"]
[BlackElo "2146"]
[WhiteFideId "8602425"]
[BlackFideId "5313210"]
[EventDate "2025.06.03"]

1. d4 d6 2. e4 Nf6 3. Nc3 e5 4. Nf3 Nbd7 5. Bc4 Be7 6. O-O O-O 7. Re1 c6 8. a4
exd4 9. Nxd4 Ne5 10. Bf1 Bg4 11. f3 Bd7 12. f4 Ng6 13. h3 Re8 14. Qf3 d5 15. e5
Ne4 16. Nxe4 dxe4 17. Rxe4 Nh4 18. Qf2 Bf5 19. Nxf5 Nxf5 20. g4 Bh4 21. Qf3 Ng3
22. Re1 Nxf1 23. Rxf1 Qb6+ 24. Kg2 Qc5 25. c3 h6 26. Be3 Qc4 27. Rfd1 Rad8 28.
Bxa7 Qb3 29. Qe2 g5 30. Be3 Rxd1 31. Rxd1 Qxa4 32. Rd4 Qb3 33. Bf2 Bxf2 34. Qxf2
c5 35. Rd2 Qc4 36. fxg5 Qe4+ 37. Qf3 Qxe5 38. gxh6 Qg5 39. h7+ Kg7 40. Rd7 Qg6
41. Rxb7 Qc2+ 42. Kg3 Qg6 43. h4 Rd8 44. h5 Qe6 45. h6+ Kg6 46. Qf5+ Qxf5 47.
gxf5+ Kxh7 48. Rxf7+ Kxh6 49. Kf4 Rd2 50. Rb7 Rf2+ 51. Ke5 Kg5 52. Rg7+ Kh6 53.
Rb7 Kg5 54. Rg7+ Kh6 55. Rf7 Rxb2 56. Kd5 Rc2 57. c4 Rf2 58. Kxc5 Kg5 59. Kd5
Rd2+ 60. Ke6 Re2+ 61. Kd6 Rd2+ 62. Kc6 Rd8 63. c5 Rc8+ 64. Kd6 Rd8+ 65. Rd7 Re8
66. c6 Kxf5 67. c7 Kf6 68. Rd8 Re6+ 69. Kd5 Re5+ 70. Kd4 Kf5 71. c8=Q+ Kf4 72.
Rf8+ 1-0

[Event "Titled Tue 3rd Jun Early"]
[Site "chess.com INT"]
[Date "2025.06.03"]
[Round "10"]
[White "Sychev, Klementy"]
[Black "Shandrygin, Nikita"]
[Result "1-0"]
[WhiteTitle "GM"]
[BlackTitle "FM"]
[WhiteElo "2542"]
[BlackElo "2209"]
[WhiteFideId "4114060"]
[BlackFideId "24198668"]
[EventDate "2025.06.03"]

1. h4 d5 2. d4 Nc6 3. Bf4 f6 4. Nf3 Bg4 5. Nc3 e5 6. dxe5 d4 7. Nb1 Bc5 8. Nbd2
Qe7 9. exf6 Nxf6 10. g3 O-O-O 11. Bg2 Rhe8 12. O-O h6 13. Nb3 Bb6 14. Re1 Nd5
15. Qc1 Rf8 16. Bd2 Ne3 17. fxe3 dxe3 18. Bc3 Rd2 19. Kh1 Bxf3 20. exf3 Rf2 21.
Rf1 e2 22. Rxf2 Bxf2 23. Be1 Be3 24. Qb1 Ne5 25. c3 Nxf3 26. Qd3 Nxe1 27. Rxe1
Bf2 28. Rxe2 Qf6 29. Qe4 c6 30. Qe6+ Qxe6 31. Rxe6 Bxg3 32. h5 Rd8 33. Bf3 Bh4
34. Kg2 Bf6 35. Re2 Kc7 36. Rd2 Rf8 37. Nd4 Re8 38. Nf5 Re5 39. Nd4 Rg5+ 40. Kf1
Rg3 41. Ke2 Kb6 42. Rd1 Rh3 43. Rf1 Bh4 44. Bg2 Rg3 45. Be4 Bf6 46. Nf5 Rg5 47.
Ne3 Rxh5 48. Nc4+ Kc7 49. Rf2 Rg5 50. Bd3 h5 51. Nd2 Re5+ 52. Kd1 Rd5 53. Kc2 h4
54. Ne4 Be5 55. Rg2 b5 56. Ng5 Bf6 57. Ne6+ Kd6 58. Nf4 Re5 59. Ng6 Rg5 60. Rh2
Rg3 61. Nxh4 Bxh4 62. Rxh4 Rg2+ 63. Kb3 a6 64. a3 c5 65. c4 Kc6 66. Rf4 Rg3 67.
Kc2 Kb6 68. Re4 Ka5 69. Re5 Kb6 70. Kc3 g5 71. Rf5 b4+ 72. axb4 cxb4+ 73. Kd4 a5
74. c5+ Kc6 75. Be4+ Kc7 76. Rf7+ Kd8 77. c6 a4 78. c7+ Ke8 1-0

[Event "Titled Tue 3rd Jun Early"]
[Site "chess.com INT"]
[Date "2025.06.03"]
[Round "10"]
[White "Dovgaliuk, Oleksandr"]
[Black "Amarasinghe, A A C B"]
[Result "0-1"]
[BlackTitle "CM"]
[WhiteElo "2240"]
[BlackElo "1949"]
[WhiteFideId "14167247"]
[BlackFideId "9901809"]
[EventDate "2025.06.03"]

1. e4 e6 2. d4 d5 3. e5 c5 4. c3 Nc6 5. Nf3 Bd7 6. Be2 f6 7. exf6 Nxf6 8. O-O
Bd6 9. dxc5 Bxc5 10. b4 Bd6 11. b5 Ne5 12. Nbd2 O-O 13. a4 Rc8 14. Bb2 Nxf3+ 15.
Nxf3 Ne4 16. c4 dxc4 17. Bxg7 Rf5 18. Qd4 Rf4 19. Bh6 Rg4 20. Ng5 Rxg5 21. Bxg5
Qxg5 22. Qxe4 Qf4 23. Qxf4 Bxf4 24. Rfd1 Be8 25. Bg4 Bf7 26. Re1 c3 27. g3 Bd2
28. Rxe6 c2 29. Rg6+ Bxg6 30. Bxc8 Be4 31. f3 Bxf3 32. Kf2 Bd5 33. Ke2 c1=Q 34.
Rxc1 Bxc1 35. Kd3 Ba3 36. Kd4 Bg2 37. Ke5 Kf7 38. Be6+ Ke7 39. Bf5 Bd6+ 40. Kd4
Kf6 41. Bxh7 Bf3 42. Bd3 b6 43. Ke3 Bd1 44. Kd4 Bxa4 45. Kd5 Ke7 46. Kc6 Bd1 47.
Kb7 Bf3+ 48. Kxa7 Bc5 49. h4 Kf6 50. Kb8 Bf2 51. Kc7 Kg7 52. h5 Kh6 53. Kd7 Bxg3
54. Kc8 Bf2 55. Bf5 Bxh5 56. Bd7 Be2 57. Bc6 Kg5 58. Kb7 Bg4 59. Be4 Kf4 60. Bd5
Bf3 61. Kc6 Bxd5+ 62. Kxd5 Ke3 63. Kc4 Kd2 64. Kd5 Kc2 65. Kc4 Kb2 66. Kb4 Ka2
67. Kc4 Ka3 68. Kd5 Ka4 69. Kc6 Ka5 70. Kd5 Kxb5 71. Ke4 Kc4 72. Kf3 b5 73. Ke2
b4 74. Kxf2 b3 75. Ke2 b2 76. Kf3 b1=Q 77. Kg2 Qd3 78. Kh1 Kd4 79. Kg1 Qd2 0-1

[Event "Titled Tue 3rd Jun Early"]
[Site "chess.com INT"]
[Date "2025.06.03"]
[Round "10"]
[White "Hovakimyan, Vache"]
[Black "Rustamov, Rustam"]
[Result "0-1"]
[WhiteTitle "FM"]
[BlackTitle "FM"]
[WhiteElo "2282"]
[BlackElo "2323"]
[WhiteFideId "13317288"]
[BlackFideId "13440110"]
[EventDate "2025.06.03"]

1. c4 Nf6 2. Nc3 d5 3. cxd5 Nxd5 4. Nf3 e6 5. e4 Nxc3 6. bxc3 Be7 7. d4 O-O 8.
Be2 c5 9. h4 Nc6 10. h5 cxd4 11. cxd4 Bb4+ 12. Kf1 Bc3 13. h6 g6 14. Bg5 f6 15.
Rc1 Bb2 16. Rc2 fxg5 17. Rxb2 g4 18. Ne5 g3 19. f3 Qg5 20. Nxc6 bxc6 21. Qd2
Qxd2 22. Rxd2 Rb8 23. Rh3 Rb1+ 24. Rd1 Rxd1+ 25. Bxd1 e5 26. Rxg3 exd4 27. Rg5
Ba6+ 28. Ke1 Bc4 29. Rc5 Bxa2 30. Rxc6 Rb8 31. Ra6 Bc4 32. Rxa7 Rb1 33. Kd2 Rb2+
34. Kc1 Rxg2 35. Rg7+ Kf8 36. Rxh7 Rg1 37. Kd2 Rg2+ 38. Kc1 Rg1 39. Rc7 Bf7 40.
Kd2 Rh1 41. Rc8+ Ke7 42. Rh8 g5 43. Be2 Rh3 44. Kd3 g4 45. Kxd4 gxf3 46. Bf1 Rh1
47. Bd3 f2 48. Rb8 Bg6 49. Rb7+ Kf6 50. Rb6+ Kg5 51. Ke3 f1=Q 52. Bxf1 Rxf1 53.
Rb2 Kxh6 54. Rh2+ Bh5 55. Rf2 Re1+ 56. Kd4 Kg5 57. Ke5 Bg4 58. Rf8 Kh4 59. Rh8+
Kg3 60. Kd4 Bf3 61. e5 Bg4 62. Kd5 Kf4 63. Rf8+ Bf5 64. Kd6 Rd1+ 65. Ke7 Kxe5
66. Rf7 Be6 67. Rg7 Ra1 68. Kf8 Kf6 69. Rf7+ Kg6 70. Rg7+ Kf5 71. Ke7 Rh1 72.
Kf8 Ke5 73. Ke7 Bf5 74. Kf7 Rh6 75. Ke7 Be6 76. Kf8 Rh8+ 77. Ke7 Rb8 78. Rg6 Bf5
79. Rg7 Bh7 80. Rf7 Bg6 81. Rg7 Kf5 82. Kd7 Rb7+ 83. Kc6 Rxg7 84. Kc5 Ke5 85.
Kc4 0-1

[Event "Titled Tue 3rd Jun Early"]
[Site "chess.com INT"]
[Date "2025.06.03"]
[Round "10"]
[White "Yezhel, Valiantsin"]
[Black "Gales, Randi-Ioan"]
[Result "0-1"]
[WhiteTitle "FM"]
[BlackTitle "CM"]
[WhiteElo "2232"]
[BlackElo "2290"]
[WhiteFideId "13504983"]
[BlackFideId "1285360"]
[EventDate "2025.06.03"]

1. d4 d5 2. Bf4 Nf6 3. e3 c5 4. Nf3 e6 5. Nbd2 Bd6 6. Bg3 O-O 7. c3 Qc7 8. Ne5
Nbd7 9. f4 b6 10. Bd3 Bb7 11. Bh4 Ne4 12. O-O Ndf6 13. Bxf6 Nxf6 14. Qf3 Rad8
15. Qh3 Ne4 16. Rad1 f6 17. Qxe6+ Kh8 18. Bxe4 dxe4 19. Nec4 Bc8 20. Qd5 Bxf4
21. Qxe4 Bxh2+ 22. Kh1 Bb7 23. Qh4 Bg3 24. Qh5 Rd5 25. Qh3 Rg5 26. Nf3 Rg6 27.
Kg1 Rh6 28. Qf5 Bh2+ 29. Kf2 cxd4 30. Rxd4 b5 31. Nxh2 Qxh2 32. Rg4 bxc4 33. Qd7
Rg6 34. Rxg6 hxg6 35. Qxb7 Rd8 36. Re1 Rd2+ 37. Re2 Rxe2+ 38. Kxe2 Qg1 39. Qf3
Qb1 40. Qh3+ Kg8 41. Qe6+ Kf8 42. Qc8+ Ke7 43. Qxc4 Qxb2+ 44. Kf3 Qd2 45. Qc5+
Kf7 46. Qxa7+ Kf8 47. Qc5+ Kg8 48. a4 Qd1+ 49. Kf2 Qxa4 50. Qd5+ Kh7 51. c4 Qc2+
52. Kg3 Qc3 53. Qd4 Qe1+ 54. Kh2 g5 55. c5 Qc1 56. Kg3 Qe1+ 57. Kh2 Qc1 58. Qe4+
Kg8 59. c6 g4 60. Qe8+ Kh7 61. Qe4+ Kh6 62. Qf4+ Kh7 63. c7 Kg8 64. Qe4 g3+ 65.
Kxg3 Qxc7+ 66. Qf4 Qf7 67. e4 Qg6+ 68. Kf3 Qh5+ 69. Qg4 Qb5 70. Qc8+ Kf7 71.
Qc7+ Kg6 72. Qg3+ Qg5 73. Qg4 Kh6 74. Qxg5+ Kxg5 75. Kg3 Kh5 76. Kf4 Kg6 77. Kg4
Kf7 78. Kf5 g6+ 79. Kf4 Ke6 80. g3 g5+ 81. Ke3 Ke5 82. g4 Ke6 83. Kd3 Kd6 84.
Ke3 Ke5 85. Kf3 Kd4 0-1

[Event "Titled Tue 3rd Jun Early"]
[Site "chess.com INT"]
[Date "2025.06.03"]
[Round "10"]
[White "Iskusnyh, Sergei"]
[Black "Bozorov, Javohir"]
[Result "0-1"]
[WhiteTitle "GM"]
[BlackTitle "FM"]
[WhiteElo "2440"]
[BlackElo "2093"]
[WhiteFideId "4120027"]
[BlackFideId "14216957"]
[EventDate "2025.06.03"]

1. d4 Nf6 2. c4 e5 3. dxe5 Ng4 4. e3 Nxe5 5. Nh3 Bc5 6. Nf4 Nbc6 7. Be2 d6 8.
Nc3 O-O 9. O-O a5 10. b3 Re8 11. Bb2 Bf5 12. Qd2 Qd7 13. Rad1 Bg4 14. Rfe1 Qf5
15. Ncd5 Rac8 16. Bxg4 Qxg4 17. Kh1 Qh4 18. f3 Ng6 19. Bc3 b6 20. Qc2 Nxf4 21.
exf4 Nd4 22. Bxd4 Rxe1+ 23. Bg1 Bxg1 24. g3 Rxd1 25. gxh4 Re1 26. Kg2 Rce8 27.
Nc3 Bd4 28. Ne4 f5 29. Ng3 Rg1+ 30. Kh3 g6 31. Qd3 c5 32. h5 Re3 33. Qc2 Rxf3
34. b4 Rxf4 35. Qa4 Bf6 36. Qe8+ Kg7 37. h6+ Kxh6 38. Qf8+ Bg7 39. Qxd6 Rg4 40.
Nxf5+ Kg5 41. Qe7+ Kxf5 42. Qxg7 Kg5 43. Qe7+ Kh6 44. Qf8+ Kh5 45. Qf3 h6 46.
bxc5 bxc5 47. Qd5+ Rg5 48. Qf3+ R5g4 49. a4 Kg5 50. Qd5+ Kf4 51. Qd6+ Kf3 52.
Qd5+ Kf2 53. Qxc5+ Ke2 54. Qe5+ Kd3 55. c5 g5 56. Qf5+ Kc4 57. Qxg4+ Rxg4 58.
Kxg4 Kxc5 59. Kh5 Kb4 60. Kxh6 Kxa4 61. Kxg5 Kb5 62. h4 a4 63. h5 a3 64. h6 a2
65. h7 a1=Q 66. Kg6 Qh8 67. Kh6 Kc6 68. Kg6 Kd7 0-1